Clinical dietetics and nutrition (Record no. 17253)
[ view plain ]
| 000 -LEADER | |
|---|---|
| fixed length control field | 00558nam a22001817a 4500 |
| 008 - FIXED-LENGTH DATA ELEMENTS--GENERAL INFORMATION | |
| fixed length control field | 160921b xxu||||| |||| 00| 0 eng d |
| 020 ## - INTERNATIONAL STANDARD BOOK NUMBER | |
| International Standard Book Number | 0195664159 |
| 040 ## - CATALOGING SOURCE | |
| Original cataloging agency | KABU |
| Transcribing agency | KABU |
| 050 ## - LIBRARY OF CONGRESS CALL NUMBER | |
| Classification number | RM217 |
| Item number | .A58 2002 c.1 |
| 100 ## - MAIN ENTRY--PERSONAL NAME | |
| Personal name | Antia, F.P. |
| 245 ## - TITLE STATEMENT | |
| Title | Clinical dietetics and nutrition |
| Statement of responsibility, etc. | by F.P. Antia and Philip Abraham |
| 250 ## - EDITION STATEMENT | |
| Edition statement | 4th ed. |
| 260 ## - PUBLICATION, DISTRIBUTION, ETC. (IMPRINT) | |
| Place of publication, distribution, etc. | New Delhi |
| Name of publisher, distributor, etc. | Oxford university press |
| Date of publication, distribution, etc. | 2002 |
| 300 ## - PHYSICAL DESCRIPTION | |
| Extent | xix, 524 p. |
| 650 ## - SUBJECT ADDED ENTRY--TOPICAL TERM | |
| Source of heading or term | Dietetics |
| 700 ## - ADDED ENTRY--PERSONAL NAME | |
| Personal name | Abraham, Philip |
| 942 ## - ADDED ENTRY ELEMENTS (KOHA) | |
| Source of classification or shelving scheme | Library of Congress Classification |
| Koha item type | General Collection |
| Edition | 4th ed. |
| Classification part | RM217 .A58 2002 c.1 |
| Withdrawn status | Lost status | Source of classification or shelving scheme | Not for loan | Home library | Current library | Date acquired | Cost, normal purchase price | Total Checkouts | Full call number | Barcode | Date last seen | Date last checked out | Copy number | Price effective from | Koha item type |
|---|---|---|---|---|---|---|---|---|---|---|---|---|---|---|---|
| Library of Congress Classification | Kabarak, Main Campus | Kabarak, Main Campus | 13/10/2018 | 1887.93 | 5 | RM217 .A58 2002 c.1 | 022462 | 15/04/2021 | 10/04/2021 | c. 1 | 13/10/2018 | General Collection | |||
| Library of Congress Classification | Kabarak, Main Campus | Kabarak, Main Campus | 13/10/2018 | 1887.93 | 5 | RM217 .A58 2002 c. 2 | 022465 | 10/03/2020 | 27/02/2020 | c. 2 | 13/10/2018 | General Collection | |||
| Library of Congress Classification | Kabarak, Main Campus | Kabarak, Main Campus | 08/12/2020 | 2190.00 | RM217 .A58 2002 c.3 | 029320 | 08/12/2020 | c.3 | 08/12/2020 | General Collection | |||||
| Library of Congress Classification | Kabarak, Main Campus | Kabarak, Main Campus | 08/12/2020 | 2190.00 | RM217 .A58 2002 c.4 | 024182 | 08/12/2020 | c.4 | 08/12/2020 | General Collection | |||||
| Library of Congress Classification | Kabarak, Main Campus | Kabarak, Main Campus | 08/12/2020 | 4020.00 | RM217 .A58 2002 c.5 | 029720 | 07/04/2021 | c.5 | 08/12/2020 | General Collection | |||||
| Library of Congress Classification | Kabarak, Main Campus | Kabarak, Main Campus | 08/12/2020 | 4020.00 | RM217 .A58 2002 c.6 | 029721 | 07/04/2021 | c.6 | 08/12/2020 | General Collection | |||||
| Library of Congress Classification | Kabarak, Main Campus | Kabarak, Main Campus | 08/12/2020 | 4020.00 | RM217 .A58 2002 c.7 | 029722 | 07/04/2021 | c.7 | 08/12/2020 | General Collection | |||||
| Library of Congress Classification | Kabarak, Main Campus | Kabarak, Main Campus | 08/12/2020 | 4020.00 | RM217 .A58 2002 c.8 | 029726 | 07/04/2021 | c.8 | 08/12/2020 | General Collection | |||||
| Library of Congress Classification | Kabarak, Main Campus | Kabarak, Main Campus | 08/12/2020 | 4020.00 | RM217 .A58 2002 c.9 | 029727 | 07/04/2021 | c.9 | 08/12/2020 | General Collection | |||||
| Library of Congress Classification | Kabarak, Main Campus | Kabarak, Main Campus | 08/12/2020 | 4020.00 | RM217 .A58 2002 c.10 | 029728 | 07/04/2021 | c.10 | 08/12/2020 | General Collection |